[Event "Bucharest Romgaz blitz op"]
[Site "Bucharest"]
[Date "2018.11.21"]
[Round "3"]
[White "Nanu, Ciprian Costica"]
[Black "Luca, Ionel"]
[Result "1-0"]
[WhiteElo "2505"]
[BlackElo "2103"]
[PlyCount "47"]
[EventDate "2018.11.21"]
[EventType "swiss (blitz)"]
[EventRounds "11"]
[EventCountry "ROU"]
[SourceTitle "CBM 187 Extra"]
[Source "ChessBase"]
[SourceDate "2018.11.04"]
[SourceVersion "1"]
[SourceVersionDate "2018.11.04"]
[SourceQuality "1"]

1. d4 d6 2. Nf3 c6 3. c4 f5 4. Nc3 Qc7 5. e4 fxe4 6. Nxe4 Nf6 7. Ng3 Bg4 8. h3 Bxf3 9. Qxf3 Nbd7 10. Bd3 g6 11. h4 0-0-0 12. Bg5 h6 13. Be3 Qa5+ 14. Bd2 Qb6 15. Bc3 e5 16. dxe5 Nxe5 17. Bxe5 dxe5 18. 0-0-0 Nd7 19. Bxg6 e4 20. Nxe4 Bg7 21. Qb3 Qa6 22. Bf5 Rhf8 23. Bxd7+ Kb8 24. Nc5 1-0

[Event "NATO-ch 27th"]
[Site "Shrivenham"]
[Date "2016.08.26"]
[Round "7"]
[White "Marquardt, Christian"]
[Black "Luca, Ionel"]
[Result "1-0"]
[WhiteElo "2099"]
[BlackElo "2050"]
[PlyCount "116"]
[EventDate "2016.08.22"]
[EventType "swiss"]
[EventRounds "7"]
[EventCountry "ENG"]
[SourceTitle "EXT 2018"]
[Source "ChessBase"]
[SourceDate "2017.10.13"]
[SourceVersion "1"]
[SourceVersionDate "2017.10.13"]
[SourceQuality "1"]

1. d4 d5 2. c4 c6 3. cxd5 cxd5 4. Nc3 Nf6 5. Bf4 Nc6 6. e3 e6 7. Bd3 Bd6 8. Bxd6 Qxd6 9. f4 0-0 10. Nf3 b5 11. Bxb5 Rb8 12. Qe2 a6 13. Bxc6 Qxc6 14. 0-0 a5 15. Rfc1 Ba6 16. Qd2 Rfc8 17. b3 Qd6 18. Na4 Qa3 19. Nc5 Bb5 20. Rc2 a4 21. Qc1 Qxc1+ 22. Raxc1 axb3 23. axb3 h6 24. Ne5 Ra8 25. h3 Ra7 26. g4 Rac7 27. Ra2 Ne4 28. b4 f6 29. Nf3 Kf7 30. Rca1 Bc4 31. Ra7 Be2 32. Kg2 g5 33. R1a2 Bc4 34. R2a5 Nc3 35. Nd2 Nd1 36. Kf3 Nc3 37. Nxc4 dxc4 38. e4 Nb5 39. Rxc7+ Nxc7 40. b5 c3 41. b6 c2 42. Ra1 Nb5 43. b7 Rd8 44. d5 exd5 45. exd5 Rb8 46. fxg5 hxg5 47. Ke3 Ke7 48. Kd2 Kd6 49. Ra8 Rxb7 50. Nxb7+ Kxd5 51. Kxc2 Ke4 52. Nc5+ Kf3 53. Nd7 Kg3 54. Rh8 Nd4+ 55. Kd3 Nf3 56. Nxf6 Nh4 57. Rg8 Nf3 58. Ne4+ Kf4 1-0

[Event "Baile Felix Cup 27th"]
[Site "Baile Felix"]
[Date "2012.06.02"]
[Round "3"]
[White "Petrisor, Adrian Marian"]
[Black "Luca, Ionel"]
[Result "1-0"]
[WhiteElo "2388"]
[BlackElo "2149"]
[PlyCount "91"]
[EventDate "2012.06.01"]
[EventType "swiss"]
[EventRounds "7"]
[EventCountry "ROU"]
[SourceTitle "CBM 148 Extra"]
[Source "ChessBase"]
[SourceDate "2012.06.22"]
[SourceVersion "1"]
[SourceVersionDate "2012.06.22"]
[SourceQuality "1"]

1. e4 d6 2. d4 Nf6 3. f3 c5 4. dxc5 Qa5+ 5. Nc3 Qxc5 6. Qd3 Nc6 7. Be3 Qa5 8. 0-0-0 a6 9. a3 g6 10. Bd2 Qc7 11. g4 Be6 12. g5 Nd7 13. Nd5 Bxd5 14. exd5 Na7 15. Bc3 Rg8 16. Qe3 Rc8 17. Qxa7 Nb6 18. Bxa6 bxa6 19. Qxc7 Rxc7 20. Ne2 Nc4 21. Rd3 Kd7 22. f4 h5 23. a4 Rc8 24. b3 Nb6 25. Ba5 Na8 26. c4 Bg7 27. Kc2 Rc5 28. Bc3 Nb6 29. Bxg7 Rxg7 30. Nc3 Rg8 31. Re1 Rc7 32. Rde3 Re8 33. a5 Nc8 34. Ne4 Rf8 35. Kd3 Kd8 36. b4 Rb7 37. Rb1 Na7 38. Nc3 Kd7 39. b5 Rfb8 40. b6 Nc8 41. Ne4 Nxb6 42. axb6 Rxb6 43. Rxb6 Rxb6 44. Kc2 Rb4 45. Nd2 Ra4 46. Kb2 1-0

[Event "HUN-chT2 Maroczy 1112"]
[Site "Hungary"]
[Date "2011.11.13"]
[Round "3"]
[White "Zalai, Mihaly"]
[Black "Luca, Ionel"]
[Result "0-1"]
[WhiteElo "2184"]
[BlackElo "2154"]
[PlyCount "82"]
[EventDate "2011.09.25"]
[EventType "team-tourn"]
[EventRounds "11"]
[EventCountry "HUN"]
[SourceTitle "EXT 2013"]
[Source "ChessBase"]
[SourceDate "2012.11.22"]
[SourceVersion "1"]
[SourceVersionDate "2012.11.22"]
[SourceQuality "1"]
[WhiteTeam "Oroshaza"]
[BlackTeam "Kisujszallas"]
[WhiteTeamCountry "HUN"]
[BlackTeamCountry "HUN"]

1. d4 Nf6 2. Nf3 b6 3. Bf4 Bb7 4. e3 e6 5. Bd3 d6 6. c4 Nbd7 7. Nc3 Qe7 8. e4 e5 9. dxe5 dxe5 10. Bg5 h6 11. Bh4 Qe6 12. Nd5 0-0-0 13. Qe2 c6 14. Nc3 Bb4 15. Rc1 Nc5 16. Bb1 Ba6 17. b3 Nfxe4 18. Bxe4 f5 19. 0-0 fxe4 20. Nxe4 g5 21. Nxc5 Bxc5 22. Bg3 e4 23. Ne5 h5 24. h3 h4 25. Bh2 Rhf8 26. Qxe4 Rd2 27. Qxc6+ Qxc6 28. Nxc6 Rfxf2 29. Rxf2 Rxf2 30. Kh1 Bb7 31. Nxa7+ Kd7 32. Rd1+ Ke8 33. Re1+ Kf7 34. Bg1 Rxg2 35. Bxc5 bxc5 36. Rf1+ Kg6 37. Nb5 Rxa2+ 38. Kg1 Rg2+ 39. Kh1 Rd2+ 40. Kg1 g4 41. hxg4 h3 0-1

[Event "HUN-chT2 Maroczy 1112"]
[Site "Hungary"]
[Date "2011.10.30"]
[Round "2"]
[White "Luca, Ionel"]
[Black "Teglas, Balazs"]
[Result "1/2-1/2"]
[WhiteElo "2154"]
[BlackElo "2207"]
[PlyCount "96"]
[EventDate "2011.09.25"]
[EventType "team-tourn"]
[EventRounds "11"]
[EventCountry "HUN"]
[SourceTitle "EXT 2013"]
[Source "ChessBase"]
[SourceDate "2012.11.22"]
[SourceVersion "1"]
[SourceVersionDate "2012.11.22"]
[SourceQuality "1"]
[WhiteTeam "Kisujszallas"]
[BlackTeam "Lila Futo"]
[WhiteTeamCountry "HUN"]
[BlackTeamCountry "HUN"]

1. c4 Nf6 2. Nc3 c5 3. g3 g6 4. Bg2 Bg7 5. d3 0-0 6. Bd2 Nc6 7. Rb1 d6 8. Qc1 Be6 9. Nf3 Qc8 10. h3 Re8 11. Ng5 Bf5 12. g4 Bd7 13. Nd5 Nxd5 14. Bxd5 Nd8 15. Bg2 Bc6 16. Nf3 d5 17. b3 e5 18. cxd5 Bxd5 19. e4 Be6 20. Bc3 Nc6 21. Qe3 Nd4 22. Rc1 Qd7 23. Bxd4 cxd4 24. Qd2 Rac8 25. 0-0 h5 26. gxh5 Bxh3 27. Rxc8 Rxc8 28. Qg5 Bxg2 29. Kxg2 gxh5 30. Nxe5 Qe6 31. Nf3 Qg4+ 32. Qxg4 hxg4 33. Nh2 Rc2 34. Nxg4 Rxa2 35. Rc1 Rb2 36. Rc8+ Kh7 37. Rc7 Rxb3 38. Rxf7 a5 39. e5 Kg6 40. Rd7 Rb5 41. f4 Bf8 42. Kf3 a4 43. Rxd4 a3 44. f5+ Kg5 45. Rd8 Be7 46. Ra8 Kxf5 47. d4 Ke6 48. Ke4 Rb4 1/2-1/2

[Event "HUN-chT2 Maroczy 1011"]
[Site "Hungary"]
[Date "2011.05.01"]
[Round "10"]
[White "Virag, Attila Aba"]
[Black "Luca, Ionel"]
[Result "1/2-1/2"]
[WhiteElo "2209"]
[BlackElo "2153"]
[PlyCount "106"]
[EventDate "2010.09.12"]
[EventType "team-tourn"]
[EventRounds "11"]
[EventCountry "HUN"]
[SourceTitle "EXT 2012"]
[Source "ChessBase"]
[SourceDate "2011.11.24"]
[SourceVersion "1"]
[SourceVersionDate "2011.11.24"]
[SourceQuality "1"]
[WhiteTeam "Miskolc EMSE"]
[BlackTeam "Kisujszallas"]
[WhiteTeamCountry "HUN"]
[BlackTeamCountry "HUN"]

1. e4 d6 2. d4 Nf6 3. Nc3 c6 4. f3 Nbd7 5. Be3 Qb6 6. b3 e5 7. Qd2 Qa5 8. Nge2 exd4 9. Bxd4 d5 10. exd5 cxd5 11. Qe3+ Be7 12. Kf2 Qd8 13. Ng3 0-0 14. Nf5 Bb4 15. Qg5 g6 16. Qh6 gxf5 17. Nxd5 Bc5 18. Nxf6+ Qxf6 19. Qxf6 Nxf6 20. Bxc5 Re8 21. Bd3 b6 22. Bd4 Nd5 23. Bb5 Re6 24. Rad1 Nc7 25. Bd3 Rc6 26. c4 Be6 27. Bb1 Rd8 28. Be5 Rxd1 29. Rxd1 Ne8 30. Kg3 f6 31. Bb2 Kf7 32. Kf4 Ng7 33. g4 fxg4 34. fxg4 h5 35. h3 hxg4 36. hxg4 Rc5 37. Be4 Rg5 38. Bf3 b5 39. Rd6 bxc4 40. bxc4 Ra5 41. a3 Ra4 42. Be2 Bxc4 43. Rxf6+ Ke7 44. Bxc4 Rxc4+ 45. Kg5 Ne6+ 46. Kf5 Rf4+ 47. Kg6 Rxg4+ 48. Kf5 Rg5+ 49. Ke4 Rg2 50. Be5 Re2+ 51. Kd5 Nc7+ 52. Kd4 Nb5+ 53. Kd5 Nc7+ 1/2-1/2

[Event "Satu Mare Ariston"]
[Site "Satu Mare"]
[Date "2011.03.02"]
[Round "8"]
[White "Luca, Ionel"]
[Black "Hristodorescu, Daniel"]
[Result "0-1"]
[WhiteElo "2160"]
[BlackElo "2198"]
[PlyCount "100"]
[EventDate "2011.02.24"]
[EventType "tourn"]
[EventRounds "9"]
[EventCountry "ROU"]
[SourceTitle "CBM 141 Extra"]
[Source "ChessBase"]
[SourceDate "2011.05.03"]
[SourceVersion "1"]
[SourceVersionDate "2011.05.03"]
[SourceQuality "1"]

1. c4 e5 2. Nc3 Bb4 3. g3 Bxc3 4. bxc3 Nf6 5. Bg2 0-0 6. Rb1 Nc6 7. c5 Re8 8. Qa4 e4 9. Ba3 d5 10. cxd6 cxd6 11. h4 d5 12. Nh3 Ne5 13. 0-0 Bd7 14. Qb4 Bc6 15. Nf4 h6 16. d4 Nc4 17. Bc1 e3 18. fxe3 a5 19. Qb3 Ne4 20. Bxe4 Rxe4 21. Rf3 b6 22. Qd1 Qd7 23. Qf1 Rae8 24. Qf2 Ba4 25. Ng2 Bc2 26. Ra1 R4e7 27. Ne1 Be4 28. Rf4 Qh3 29. Qh2 Qxh2+ 30. Kxh2 g5 31. Rf6 Kg7 32. Rc6 Re6 33. Rxe6 Rxe6 34. Nf3 Kg6 35. hxg5 hxg5 36. g4 f5 37. Ne5+ Nxe5 38. dxe5 fxg4 39. Ba3 Rxe5 40. c4 dxc4 41. Bb2 Re7 42. Kg3 Bf5 43. Rd1 Rxe3+ 44. Kf2 Re6 45. Rd8 g3+ 46. Kxg3 Rxe2 47. Rd6+ Re6 48. Rxe6+ Bxe6 49. a4 Bd7 50. Bd4 b5 0-1

[Event "ROM-ch op"]
[Site "Sarata Monteoru"]
[Date "2011.02.16"]
[Round "6"]
[White "Vrencian, Lehel"]
[Black "Luca, Ionel"]
[Result "0-1"]
[WhiteElo "1841"]
[BlackElo "2160"]
[PlyCount "118"]
[EventDate "2011.02.12"]
[EventType "swiss"]
[EventRounds "11"]
[EventCountry "ROU"]
[SourceTitle "EXT 2013"]
[Source "ChessBase"]
[SourceDate "2012.11.22"]
[SourceVersion "1"]
[SourceVersionDate "2012.11.22"]
[SourceQuality "1"]

1. d4 Nf6 2. c4 e6 3. Nc3 Bb4 4. e3 b6 5. Nge2 Ne4 6. a3 Nxc3 7. Nxc3 Bxc3+ 8. bxc3 Bb7 9. Qg4 0-0 10. Bd3 f5 11. Qg3 d6 12. 0-0 Nd7 13. f3 e5 14. a4 a5 15. Ba3 Qe7 16. Rab1 exd4 17. Rfe1 dxe3 18. f4 Rae8 19. Re2 Qf7 20. Rbe1 Re6 21. Bc1 Nc5 22. Bc2 Be4 23. Bxe3 Bxc2 24. Rxc2 Rfe8 25. h4 Ne4 26. Qf3 Nf6 27. Rce2 Qe7 28. Kf1 Ng4 29. Bg1 Rxe2 30. Rxe2 Qxe2+ 31. Qxe2 Rxe2 32. Kxe2 Nf6 33. Kd3 Ne4 34. Kd4 c6 35. g4 g6 36. h5 Kf7 37. hxg6+ hxg6 38. gxf5 gxf5 39. Be3 Nc5 40. Bf2 Nxa4 41. Bh4 Ke6 42. Bd8 Kd7 43. Bh4 Nc5 44. Ke3 a4 45. Kd2 Nb3+ 46. Kc2 Na5 47. Bf2 Nxc4 48. Kb1 c5 49. Ka2 Kc6 50. Bg3 Kd5 51. Bh4 Ke4 52. Bg5 b5 53. Bh6 Kd3 54. Bg7 d5 55. Bf8 Kxc3 56. Bxc5 d4 57. Ba7 d3 58. Bf2 b4 59. Bh4 Kc2 0-1

[Event "ROM-ch op"]
[Site "Sarata Monteoru"]
[Date "2011.02.12"]
[Round "1"]
[White "Luca, Ionel"]
[Black "Soare, Flavius Alexandru"]
[Result "1-0"]
[WhiteElo "2160"]
[BlackElo "1670"]
[PlyCount "191"]
[EventDate "2011.02.12"]
[EventType "swiss"]
[EventRounds "11"]
[EventCountry "ROU"]
[SourceTitle "EXT 2013"]
[Source "ChessBase"]
[SourceDate "2012.11.22"]
[SourceVersion "1"]
[SourceVersionDate "2012.11.22"]
[SourceQuality "1"]

1. c4 c5 2. Nc3 Nc6 3. g3 g6 4. Bg2 Bg7 5. d3 d6 6. Bd2 Bd7 7. a3 Qb6 8. Rb1 Rb8 9. b4 cxb4 10. Nd5 Qd8 11. axb4 e6 12. Bc3 f6 13. b5 Ne5 14. Ne3 Ne7 15. f4 Nf7 16. Nf3 0-0 17. 0-0 e5 18. fxe5 dxe5 19. Kh1 Re8 20. Nd2 f5 21. Ra1 Qb6 22. Nc2 a6 23. Ba5 Qe6 24. Rb1 axb5 25. cxb5 b6 26. Bc3 Nd6 27. Bb4 Nxb5 28. Ne3 Bc6 29. Bxe7 Rxe7 30. Rxb5 Bxb5 31. Nd5 Rd7 32. Qb3 Bc6 33. Nf6+ Kf7 34. Nxd7 Qxb3 35. Nxe5+ Bxe5 36. Nxb3 Bxg2+ 37. Kxg2 Ke6 38. Rc1 Kd5 39. Kf3 Bd6 40. e4+ fxe4+ 41. dxe4+ Ke5 42. Rd1 Rc8 43. Rd5+ Ke6 44. Nd4+ Ke7 45. e5 Bc5 46. Ke4 Bxd4 47. Rxd4 b5 48. Rd3 Rc2 49. Rb3 Re2+ 50. Kf4 Rxh2 51. Rxb5 Rd2 52. Rb7+ Ke6 53. Rxh7 Rd4+ 54. Kg5 Kxe5 55. Re7+ Kd6 56. Re3 Kd7 57. Kxg6 Rg4+ 58. Kf5 Rg8 59. Kf6 Rg4 60. Kf7 Kd6 61. Kf6 Kd7 62. Re7+ Kd6 63. Rg7 Re4 64. g4 Rf4+ 65. Kg5 Re4 66. Kh6 Ke6 67. g5 Rh4+ 68. Kg6 Rf4 69. Ra7 Rf3 70. Ra6+ Ke7 71. Kg7 Rf7+ 72. Kg6 Rf3 73. Rf6 Rg3 74. Rf7+ Ke8 75. Rf5 Ke7 76. Kg7 Ke6 77. Ra5 Rf3 78. Ra6+ Ke7 79. Rf6 Rg3 80. g6 Rg2 81. Rf5 Rg3 82. Rf7+ Ke8 83. Rf6 Ke7 84. Ra6 Rg2 85. Rf6 Rg3 86. Rf1 Rg2 87. Re1+ Kd7 88. Re5 Rg3 89. Kf6 Kd6 90. Rg5 Rf3+ 91. Rf5 Re3 92. g7 Re6+ 93. Kf7 Re7+ 94. Kg6 Re8 95. Rf8 Re6+ 96. Rf6 1-0

[Event "Krakow op 20th"]
[Site "Krakow"]
[Date "2010.01.02"]
[Round "6"]
[White "Staroszczyk, Mateusz"]
[Black "Luca, Ionel"]
[Result "0-1"]
[WhiteElo "2036"]
[BlackElo "2175"]
[PlyCount "148"]
[EventDate "2009.12.27"]
[EventType "swiss"]
[EventRounds "9"]
[EventCountry "POL"]
[SourceTitle "CBM 134 Extra"]
[Source "ChessBase"]
[SourceDate "2010.03.03"]
[SourceVersion "1"]
[SourceVersionDate "2010.03.03"]
[SourceQuality "1"]

1. e4 d6 2. d4 Nf6 3. Nc3 c6 4. a4 Nbd7 5. Bc4 e5 6. Nge2 exd4 7. Nxd4 Ne5 8. Ba2 Be7 9. 0-0 0-0 10. Kh1 c5 11. Nde2 b6 12. f3 Be6 13. Nf4 Bxa2 14. Rxa2 Nc6 15. Be3 Nb4 16. Ra1 Ne8 17. Ncd5 Bg5 18. Nxb4 Bxf4 19. Bxf4 cxb4 20. Qd4 Rc8 21. Rf2 a5 22. Rd1 Qc7 23. h3 Qc6 24. b3 f5 25. Qd5+ Qxd5 26. exd5 Nf6 27. Re2 Rfe8 28. Re6 Rxe6 29. dxe6 Ne8 30. Rd2 Rc6 31. Bg5 Nc7 32. Re2 d5 33. e7 Kf7 34. Bf4 Ne6 35. Re5 g6 36. Bg5 Rd6 37. h4 h6 38. Bxh6 Kxe7 39. Bg5+ Kf7 40. Kg1 Rd7 41. Re2 Rc7 42. Rd2 d4 43. Kf2 Rc5 44. Kg3 b5 45. axb5 Rxb5 46. Bf4 Rc5 47. Bb8 Rd5 48. Ba7 Ke7 49. f4 Kd6 50. Bb8+ Kc6 51. Be5 Kb5 52. Kf3 a4 53. bxa4+ Kc4 54. Rd3 Ra5 55. g4 fxg4+ 56. Kxg4 Kd5 57. f5 gxf5+ 58. Kxf5 Rxa4 59. h5 Ra1 60. Bg3 Rf1+ 61. Kg6 Nc5 62. Rd2 Rg1 63. h6 Rxg3+ 64. Kf7 Rh3 65. Kg6 Ne4 66. Rg2 Kc4 67. Rg4 Nf2 68. Rg5 d3 69. cxd3+ Nxd3 70. h7 Nf4+ 71. Kf5 Rxh7 72. Kxf4 b3 73. Rg8 Rb7 74. Rc8+ Kb4 0-1

[Event "Krakow op 20th"]
[Site "Krakow"]
[Date "2009.12.31"]
[Round "5"]
[White "Luca, Ionel"]
[Black "Tantsiura, Marja"]
[Result "1-0"]
[WhiteElo "2175"]
[BlackElo "1998"]
[PlyCount "151"]
[EventDate "2009.12.27"]
[EventType "swiss"]
[EventRounds "9"]
[EventCountry "POL"]
[SourceTitle "CBM 134 Extra"]
[Source "ChessBase"]
[SourceDate "2010.03.03"]
[SourceVersion "1"]
[SourceVersionDate "2010.03.03"]
[SourceQuality "1"]

1. c4 Nf6 2. Nc3 g6 3. g3 Bg7 4. Bg2 0-0 5. d3 d6 6. Bd2 e5 7. Qc1 c6 8. Nf3 Nbd7 9. 0-0 Re8 10. Bg5 Nc5 11. Ne4 Ncxe4 12. dxe4 Qc7 13. Ne1 Bg4 14. f3 Be6 15. Nd3 Nd7 16. Kh1 a5 17. Rb1 a4 18. Rd1 Rec8 19. b3 axb3 20. axb3 Qb8 21. Be7 Re8 22. Bg5 b5 23. c5 dxc5 24. Nxc5 Nxc5 25. Qxc5 Bf8 26. Qe3 Ra3 27. Rd3 c5 28. Rbd1 Qa7 29. h4 c4 30. bxc4 Qxe3 31. Bxe3 Bxc4 32. Rxa3 Bxa3 33. Bf1 Rc8 34. f4 f6 35. fxe5 fxe5 36. Bh3 Rb8 37. Rd7 Bf8 38. h5 b4 39. Bc1 b3 40. Bb2 Rb5 41. Rc7 Bf7 42. Rc8 gxh5 43. Bf5 h6 44. Kg2 Ra5 45. Rb8 Kg7 46. Rb7 Kf6 47. Rb6+ Kg7 48. Rb7 Kf6 49. Rb6+ Kg7 50. Be6 Bxe6 51. Rxe6 Kf7 52. Rb6 Ra4 53. Rxb3 Rxe4 54. Kf3 Rc4 55. Bxe5 h4 56. g4 Ra4 57. Rb7+ Kg6 58. Rb6+ Kh7 59. Bf4 Rb4 60. Re6 Ra4 61. Rf6 Bg7 62. Rf5 Ra1 63. Rh5 Rf1+ 64. Ke4 Kg6 65. Rxh4 Rg1 66. Be3 Rg3 67. Bf2 Ra3 68. Rh1 Ra5 69. Be3 Ra4+ 70. Kf3 Ra5 71. Rc1 h5 72. Rc6+ Kf7 73. g5 Rf5+ 74. Kg3 Re5 75. Rc7+ Kf8 76. Bc5+ 1-0

[Event "Pula op"]
[Site "Pula"]
[Date "2009.07.03"]
[Round "8"]
[White "Kristovic, Marijan"]
[Black "Luca, Ionel"]
[Result "1-0"]
[WhiteElo "2320"]
[BlackElo "2159"]
[PlyCount "65"]
[EventDate "2009.06.27"]
[EventType "swiss"]
[EventRounds "9"]
[EventCountry "CRO"]
[SourceTitle "CBM 131 Extra"]
[Source "ChessBase"]
[SourceDate "2009.09.03"]
[SourceVersion "2"]
[SourceVersionDate "2009.09.16"]
[SourceQuality "1"]

1. e4 d6 2. d4 Nf6 3. Bc4 d5 4. exd5 g6 5. Nc3 Nbd7 6. Bg5 Bg7 7. Nge2 a6 8. a4 0-0 9. 0-0 Nb6 10. Bxf6 Nxc4 11. Bxg7 Kxg7 12. Qc1 Qd6 13. Re1 Bd7 14. a5 b6 15. axb6 cxb6 16. b3 Na5 17. Qe3 Ra7 18. Ng3 Bf5 19. Nxf5+ gxf5 20. Qg5+ Qg6 21. Qh4 Qf6 22. Qxf6+ exf6 23. Na4 Rb8 24. Re3 Rc7 25. c4 Nxc4 26. Rc3 Rd8 27. bxc4 b5 28. cxb5 Rxc3 29. Nxc3 axb5 30. Rb1 b4 31. Rxb4 Rc8 32. Rb3 Rc4 33. Kf1 1-0

[Event "HUN-chT2 Toth 0809"]
[Site "Hungary"]
[Date "2009.04.05"]
[Round "10.3"]
[White "Luca, Ionel"]
[Black "Sakic, Lorand"]
[Result "1/2-1/2"]
[WhiteElo "2133"]
[BlackElo "2020"]
[PlyCount "91"]
[EventDate "2008.10.26"]
[EventType "team-tourn"]
[EventRounds "11"]
[EventCountry "HUN"]
[SourceTitle "EXT 2010"]
[Source "ChessBase"]
[SourceDate "2010.11.25"]
[SourceVersion "1"]
[SourceVersionDate "2010.11.25"]
[SourceQuality "1"]
[WhiteTeam "Kisujszallas"]
[BlackTeam "Szentes"]
[WhiteTeamCountry "HUN"]
[BlackTeamCountry "HUN"]

1. c4 Nf6 2. Nc3 g6 3. g3 Bg7 4. Bg2 d6 5. d3 c6 6. Bd2 e5 7. Nf3 a5 8. c5 Na6 9. cxd6 Qxd6 10. Ne4 Nxe4 11. dxe4 Nc5 12. Qc2 Ne6 13. 0-0 0-0 14. Rad1 Qc7 15. Be3 b6 16. Ne1 Ba6 17. Nd3 Rad8 18. Nc1 c5 19. Rfe1 Rxd1 20. Rxd1 Rd8 21. Rd5 Bb7 22. Rxd8+ Qxd8 23. Qd2 Qxd2 24. Bxd2 Nd4 25. Kf1 Kf8 26. Bg5 Ke8 27. Bd2 Kd7 28. Bc3 Nb5 29. Bd2 Nd6 30. f3 Nc4 31. Bc3 Ne3+ 32. Kf2 Nd1+ 33. Ke1 Nxc3 34. bxc3 b5 35. Nb3 c4 36. Nc5+ Kc6 37. Nxb7 Kxb7 38. Kd2 Kc6 39. Bh3 Bh6+ 40. Kc2 Be3 41. Bc8 Bg1 42. h3 Bf2 43. g4 Kc7 44. Ba6 Kb6 45. Bc8 Kc7 46. Ba6 1/2-1/2

[Event "HUN-chT2 Toth 0809"]
[Site "Hungary"]
[Date "2009.03.08"]
[Round "9.2"]
[White "Luca, Ionel"]
[Black "Blazsik, Zoltan"]
[Result "1-0"]
[WhiteElo "2133"]
[BlackElo "2054"]
[PlyCount "103"]
[EventDate "2008.10.26"]
[EventType "team-tourn"]
[EventRounds "11"]
[EventCountry "HUN"]
[SourceTitle "EXT 2010"]
[Source "ChessBase"]
[SourceDate "2010.11.25"]
[SourceVersion "1"]
[SourceVersionDate "2010.11.25"]
[SourceQuality "1"]
[WhiteTeam "Kisujszallas"]
[BlackTeam "Maroczy II"]
[WhiteTeamCountry "HUN"]
[BlackTeamCountry "HUN"]

1. c4 f5 2. Nc3 Nf6 3. g3 e6 4. Bg2 d5 5. cxd5 exd5 6. Nf3 Be7 7. 0-0 0-0 8. d3 c5 9. Bg5 Nc6 10. Qb3 Na5 11. Qc2 Be6 12. Bd2 d4 13. Na4 Rc8 14. b3 b5 15. Nb2 Nd5 16. Rae1 Bf6 17. e4 dxe3 18. fxe3 Nb4 19. Qb1 Nac6 20. Rd1 Qa5 21. a4 a6 22. d4 Bxb3 23. Nd3 Bxd1 24. Rxd1 Qxa4 25. Nxc5 Qa3 26. Qxf5 Rce8 27. Qb1 Nd5 28. Bc1 Qa5 29. Qb3 Qd8 30. e4 Rf7 31. Qxd5 Qxd5 32. exd5 Nb4 33. d6 Rd8 34. Bf4 g5 35. Be5 g4 36. Ne1 a5 37. Ned3 Nc2 38. Bd5 Nxd4 39. Bxf6 Nf3+ 40. Kg2 Rxd6 41. Bxf7+ Kxf7 42. Ne5+ Kxf6 43. Rxd6+ Kxe5 44. Ra6 Kd5 45. Nd3 a4 46. Nb2 Ne5 47. Nxa4 bxa4 48. Rxa4 Kd6 49. Ra6+ Nc6 50. Kf2 Kd5 51. Ke3 Ne7 52. Kf4 1-0

[Event "Eforie Nord Romgaz op"]
[Site "Eforie Nord"]
[Date "2007.08.07"]
[Round "6"]
[White "Luca, Ionel"]
[Black "Voiteanu, Christian Gabriel"]
[Result "0-1"]
[WhiteElo "2143"]
[BlackElo "2248"]
[PlyCount "84"]
[EventDate "2007.08.03"]
[EventType "swiss"]
[EventRounds "9"]
[EventCountry "ROU"]
[SourceTitle "EXT 2010"]
[Source "ChessBase"]
[SourceDate "2010.11.25"]
[SourceVersion "1"]
[SourceVersionDate "2010.11.25"]
[SourceQuality "1"]

1. e4 e5 2. Nf3 Nf6 3. d4 Nxe4 4. Bd3 d5 5. Nxe5 Nd7 6. Nxf7 Qe7 7. Ne5 Nxe5 8. dxe5 Qxe5 9. Qe2 Bd6 10. f4 Qe7 11. 0-0 0-0 12. c4 Bf5 13. Bxe4 Qxe4 14. Qxe4 Bxe4 15. cxd5 Bxd5 16. Nc3 Bc4 17. Rf3 Rae8 18. Bd2 Bc5+ 19. Kh1 Rd8 20. Be1 Bd6 21. Bg3 Bb4 22. a3 Be7 23. f5 Rd2 24. Bxc7 Rxb2 25. Be5 Rc2 26. Rd1 Bxa3 27. h3 Re8 28. Re1 Bd6 29. Bg3 Rxe1+ 30. Bxe1 Rc1 31. Re3 Bb4 32. Kh2 Rxe1 33. Rxe1 Bxc3 34. Re8+ Kf7 35. Rc8 Be5+ 36. Kg1 Bd5 37. Kf2 Bc6 38. g4 a5 39. h4 a4 40. g5 a3 41. Ra8 Bb2 42. h5 Bd5 0-1

[Event "Eforie Nord Romgaz op"]
[Site "Eforie Nord"]
[Date "2007.08.05"]
[Round "3"]
[White "Ionita, Emilian Paul"]
[Black "Luca, Ionel"]
[Result "0-1"]
[WhiteElo "2016"]
[BlackElo "2143"]
[PlyCount "88"]
[EventDate "2007.08.03"]
[EventType "swiss"]
[EventRounds "9"]
[EventCountry "ROU"]
[SourceTitle "EXT 2010"]
[Source "ChessBase"]
[SourceDate "2010.11.25"]
[SourceVersion "1"]
[SourceVersionDate "2010.11.25"]
[SourceQuality "1"]

1. e4 d6 2. d4 Nf6 3. Nc3 c6 4. Qe2 e5 5. Nf3 Bg4 6. dxe5 dxe5 7. h3 Bxf3 8. Qxf3 Nbd7 9. Bd3 Qb6 10. 0-0 Be7 11. b3 Qc7 12. Bb2 b5 13. Ne2 a6 14. a4 0-0 15. Ng3 g6 16. Kh1 Nc5 17. Qe3 Ne6 18. Ne2 Nh5 19. g3 Bg5 20. Qf3 Rfd8 21. Qg2 Bh6 22. Bc1 Bxc1 23. Raxc1 Nc5 24. Rcd1 Nxd3 25. cxd3 Rd6 26. f4 Rad8 27. Qf3 Qd7 28. fxe5 Rxd3 29. Rxd3 Qxd3 30. Qxf7+ Kh8 31. Qf3 Qxe2 32. Qxe2 Nxg3+ 33. Kg2 Nxe2 34. axb5 axb5 35. Rf7 Re8 36. Kf3 Nd4+ 37. Kf4 Kg8 38. Rb7 Ne6+ 39. Ke3 Nc5 40. Ra7 Rxe5 41. Kd4 Rh5 42. b4 Ne6+ 43. Ke3 Rxh3+ 44. Kd2 Kf8 0-1

[Event "Eforie Nord Romgaz op"]
[Site "Eforie Nord"]
[Date "2007.08.04"]
[Round "2"]
[White "Luca, Ionel"]
[Black "Turcu, Florin"]
[Result "1-0"]
[WhiteElo "2143"]
[BlackElo "1837"]
[PlyCount "67"]
[EventDate "2007.08.03"]
[EventType "swiss"]
[EventRounds "9"]
[EventCountry "ROU"]
[SourceTitle "EXT 2010"]
[Source "ChessBase"]
[SourceDate "2010.11.25"]
[SourceVersion "1"]
[SourceVersionDate "2010.11.25"]
[SourceQuality "1"]

1. c4 f5 2. Nc3 Nf6 3. g3 e5 4. Bg2 Bc5 5. e3 Nc6 6. Nge2 d6 7. d4 Bb4 8. d5 Ne7 9. Qa4+ Bd7 10. Qxb4 b6 11. 0-0 g5 12. f4 gxf4 13. exf4 e4 14. b3 h5 15. Bb2 Rh7 16. Nb5 Ng4 17. h3 Ne3 18. Bf6 Nxf1 19. Rxf1 Kf7 20. Bh4 a5 21. Qc3 Rh6 22. Nxc7 Rc8 23. Ne6 Bxe6 24. dxe6+ Rxe6 25. Nd4 Qh8 26. Qd2 e3 27. Qd3 e2 28. Re1 Rh6 29. Rxe2 Re8 30. Bxe7 Rxe7 31. Qxf5+ Qf6 32. Bd5+ Kg7 33. Qxf6+ Kxf6 34. Rxe7 1-0